000 00553nam a2200193Ia 4500
003 GCL
008 140319s9999 xx 000 0 ara d
040 _aGCL /
_cGCL
082 0 4 _a618.24
_bس م
100 1 _aسوفنير
245 1 0 _aموسوعة عالم المرأة الحامل : دليل العناية والوقاية /
_cسوفنير
260 _a[S.N] :
_bدار الراتب الجامعية
300 _a578ص
490 _a
650 0 4 _aالحمل
650 0 4 _aالولادة
650 0 4 _aطب النساء
942 _2ddc
_cBK
999 _c35728
_d35728